Earthing Analysis of High Voltage Laboratory at NUST / (Record no. 602066)
[ view plain ]
| 000 -LEADER | |
|---|---|
| fixed length control field | 00468nam a2200157Ia 4500 |
| 008 - FIXED-LENGTH DATA ELEMENTS--GENERAL INFORMATION | |
| fixed length control field | 230907s9999||||xx |||||||||||||| ||und|| |
| 082 ## - DEWEY DECIMAL CLASSIFICATION NUMBER | |
| Classification number | 621.31 |
| Author Mark | BIL |
| 100 ## - MAIN ENTRY--PERSONAL NAME | |
| Personal name | Muhammad Bilal (00000321083) |
| 9 (RLIN) | 116719 |
| 245 #0 - TITLE STATEMENT | |
| Title | Earthing Analysis of High Voltage Laboratory at NUST / |
| 260 ## - PUBLICATION, DISTRIBUTION, ETC. | |
| Place of publication, distribution, etc. | USPCAS-E, NUST, |
| Name of publisher, distributor, etc. | Islamabad : |
| Date of publication, distribution, etc. | 2022 |
| 300 ## - PHYSICAL DESCRIPTION | |
| Extent | x, 50p. |
| 520 ## - SUMMARY, ETC. | |
| Summary, etc. | TH-388 |
| 650 ## - SUBJECT ADDED ENTRY--TOPICAL TERM | |
| Topical term or geographic name entry element | MS-EEP Thesis MS Thesis |
| 700 ## - ADDED ENTRY--PERSONAL NAME | |
| Personal name | Dr. Abraiz Khattak |
| 9 (RLIN) | 117724 |
| 942 ## - ADDED ENTRY ELEMENTS (KOHA) | |
| Koha item type | Thesis |
| Source of classification or shelving scheme | |
| Withdrawn status | Lost status | Source of classification or shelving scheme | Damaged status | Not for loan | Permanent Location | Current Location | Date acquired | Full call number | Barcode | Date last seen | Price effective from | Koha item type |
|---|---|---|---|---|---|---|---|---|---|---|---|---|
| US-Pakistan Center for Advanced Studies in Energy (USPCAS-E) | US-Pakistan Center for Advanced Studies in Energy (USPCAS-E) | 07/27/2022 | 621.31 BIL | CAS-ETH0000388 | 09/12/2023 | 09/12/2023 | Thesis |
